Propuesta para una política nacional de Informática en Costa Rica /
sin resumen
Bewaard in:
| Coauteur: | |
|---|---|
| Formaat: | Texto |
| Taal: | Spanish |
| Gepubliceerd in: |
San José :
Comisión de Política Informática. Secretaría Ejecutiva, San José,
1990
|
| Onderwerpen: | |
| Tags: |
Voeg label toe
Geen labels, Wees de eerste die dit record labelt!
|
MARC
| LEADER | 00000 a a2200000 04500 | ||
|---|---|---|---|
| 001 | 909 | ||
| 003 | cru CIDCACS/IIS | ||
| 005 | 20200709093255.0 | ||
| 008 | 200709b ||||| |||| 00| 0 spa d | ||
| 999 | |c 16822 |d 16822 | ||
| 040 | |c cru CIDCACS/IIS | ||
| 090 | |a 10234.00 | ||
| 110 | 1 | |a Comisión de Política Informática. |9 9418 |b Secretaría Ejecutiva, San José | |
| 245 | 1 | |a Propuesta para una política nacional de Informática en Costa Rica / |c Comisión de Política Informática. Secretaría Ejecutiva, San José | |
| 260 | |a San José : |b Comisión de Política Informática. Secretaría Ejecutiva, San José, |c 1990 | ||
| 300 | |a sin páginas: |b tablas | ||
| 520 | |a sin resumen | ||
| 650 | |a INFORMATICA | ||
| 650 | |a MARCO INSTITUCIONAL | ||
| 651 | 0 | |9 32 |a COSTA RICA | |
| 942 | |2 ddc |c LI | ||
